000 00804nam a2200181 a 4500
005 20140412111325.0
008 000818s19uu xx 00 eng d
020 _a0-590-48170-3
050 _aTR(PS E
_bTh41 1992
100 _aLowell, Susan
245 _aThree little javelinas (The) /
_cby Susan Lowell ; illustrated by Jim Harris.
260 _aNew York :
_bScholastic Inc,
_c1992.
300 _a1 v. (unp.) ; ill.
500 _aJavelina (pronounced ha-ve-lee-na) comes from Spanish name for the collared pecary.
520 _aThis is a southwestern adaptation of a familiar folktale: a chile-flavored "The Three Little Pigs." The story takes place in the Sonoran Desert, where Native American, Mexican, and Anglo cultures blend together.
650 _aChildren stories-Fiction
999 _c104560
_d104560